Statistics for Top 50 most popular anime of all time

Click here to take the quiz!

General Stats

  • This quiz has been taken 90 times
  • The average score is 17 of 50

Answer Stats

PositionStart YearAnswer% Correct
271999One Piece
98%
122002Naruto
93%
252007Naruto:Shippuden
93%
12013Attack on Titan
84%
312019Attack on Titan 3 Part 2
84%
32006Death Note
79%
22019Demon Slayer
78%
42016My Hero Academia
57%
132017My Hero Academia 2
57%
192018My Hero Academia 3
57%
52011Hunter x Hunter
53%
62020Jujutsu Kaisen
50%
92012Sword Art Online
48%
352019My Hero Academia 4
45%
112009Fullmetal Alchemist: Brotherhood
43%
222014Haikyuu!!
41%
82014Tokyo Ghoul
41%
72015One Punch Man
38%
492006Code Geass
36%
102017Attack on Titan 2
34%
162018Attack on Titan 3
31%
392017Black Clover
29%
402019Dr.STONE
29%
242011Steins;Gate
26%
332014The Seven Deadly Sins
24%
362014Akame ga Kill!
22%
322008Toradora!
22%
442011Blue Exorcist
19%
282014No Game No Life
19%
432014Parasyte
19%
292016Re:Zero
19%
182015Assassination Classroom
17%
382019Love is War
16%
472014Sword Art Online 2
16%
202014Your lie in April
16%
462015Death Parade
14%
262014Noragami
14%
502011The Future Diary
14%
142019The promised neverland
14%
372018Violet Evergarden
14%
452010Angel Beats!
10%
212016Erased
10%
152016Your name
10%
172016A Silent Voice
9%
412016Konosuba
9%
302016Mob Psycho 100
9%
482017Kakegurui
7%
342018Bunny Girl Senpai
5%
422018Darling in the Franxx
5%
232021Attack on Titan:The Final Season
2%

Score Distribution

Percentile by Number Answered

Percent of People with Each Score

Your Score History

You have not taken this quiz